Skandan(സ്കന്ദൻ) (Record no. 115294)

MARC details
000 -LEADER
fixed length control field 00417 a2200157 4500
005 - DATE AND TIME OF LATEST TRANSACTION
control field 20260406145940.0
008 - FIXED-LENGTH DATA ELEMENTS--GENERAL INFORMATION
fixed length control field 260327b |||||||| |||| 00| 0 eng d
020 ## - INTERNATIONAL STANDARD BOOK NUMBER
International Standard Book Number 9789362542168
080 ## - UNIVERSAL DECIMAL CLASSIFICATION NUMBER
Universal Decimal Classification number FM
Item number RAM/S
100 ## - MAIN ENTRY--PERSONAL NAME
Personal name Ramesh,V. K. K.
245 ## - TITLE STATEMENT
Title Skandan(സ്കന്ദൻ)
260 ## - PUBLICATION, DISTRIBUTION, ETC. (IMPRINT)
Name of publisher, distributor, etc D C books
Place of publication, distribution, etc Kottayam.
Date of publication, distribution, etc 2025.
300 ## - PHYSICAL DESCRIPTION
Extent 191p.
653 ## - INDEX TERM--UNCONTROLLED
Uncontrolled term Fiction-Short Story-Malayalam Literature
942 ## - ADDED ENTRY ELEMENTS (KOHA)
item type Under processing
Holdings
Lost status Source of classification or shelving scheme Not for loan Home library Current library Date acquired Cost, normal purchase price Total Checkouts Full call number Barcode Date last seen Cost, replacement price Price effective from Koha item type Public note
  Universal Decimal Classification Not For Loan University Library University Library 02/03/2026 173.34   FM RAM/S 00097373 02/03/2026 260.00 02/03/2026 Books processing
University Library, CUSAT